Fidel Castro y la revolución cubana / (Record no. 22146)
[ view plain ]
| 000 -CABECERA | |
|---|---|
| campo de control de longitud fija | 01102nam a2200277 a 4500 |
| 001 - NÚMERO DE CONTROL | |
| campo de control | 000022649 |
| 003 - IDENTIFICADOR DEL NÚMERO DE CONTROL | |
| campo de control | DO-SdBNP |
| 005 - FECHA Y HORA DE LA ÚLTIMA TRANSACCIÓN | |
| campo de control | 20250313114541.0 |
| 008 - DATOS DE LONGITUD FIJA--INFORMACIÓN GENERAL | |
| campo de control de longitud fija | 101014s1985 sp 000 0 spa d |
| 020 ## - NÚMERO INTERNACIONAL ESTÁNDAR DEL LIBRO | |
| Número Internacional Estándar del Libro | 840145025X |
| 040 ## - FUENTE DE LA CATALOGACIÓN | |
| Centro catalogador/agencia de origen | DO-SdBNP |
| Lengua de catalogación | spa |
| Centro/agencia transcriptor | BNPHU |
| 049 ## - FONDOS LOCALES (OCLC) | |
| Fondos de biblioteca | BNPD |
| 082 #4 - NÚMERO DE LA CLASIFICACIÓN DECIMAL DEWEY | |
| Número de clasificación | 972.91064 |
| Número de documento/Ítem | M764f, 1985 |
| Número de edición | 22 |
| 100 1# - ENTRADA PRINCIPAL--NOMBRE DE PERSONA | |
| Nombre de persona | Montaner, Carlos Alberto |
| Fechas asociadas al nombre | 1943- |
| 9 (RLIN) | 32455 |
| 245 10 - MENCIÓN DE TÍTULO | |
| Título | Fidel Castro y la revolución cubana / |
| Mención de responsabilidad, etc. | Carlos Alberto Montaner. |
| 250 ## - MENCIÓN DE EDICIÓN | |
| Mención de edición | 2a ed. |
| 260 ## - PUBLICACIÓN, DISTRIBUCIÓN, ETC. | |
| Lugar de publicación, distribución, etc. | Barcelona, : |
| Nombre del editor, distribuidor, etc. | Plaza & Janes Editores, |
| Fecha de publicación, distribución, etc. | 1985. |
| 300 ## - DESCRIPCIÓN FÍSICA | |
| Extensión | 280 p. ; |
| Dimensiones | 19 cm. |
| 490 1# - MENCIÓN DE SERIE | |
| Mención de serie | Tribuna de Plaza & Janés, historia |
| Designación de volumen o secuencia | 30 |
| 500 ## - NOTA GENERAL | |
| Nota general | Incluye datos biográficos del autor en la contraportada |
| 500 ## - NOTA GENERAL | |
| Nota general | Un estudio de la reciente historia de Cuba, así como una explicación de la influencias de la personalidad de Castro en curso de los acontecimientos cubano. Obra escrita con rigor y originalidad de análisis |
| 600 10 - PUNTO DE ACCESO ADICIONAL DE MATERIA--NOMBRE DE PERSONA | |
| Nombre de persona | Castro, Fidel |
| Fechas asociadas al nombre | 1926-2016 |
| 9 (RLIN) | 16971 |
| 651 #0 - PUNTO DE ACCESO ADICIONAL DE MATERIA--NOMBRE GEOGRÁFICO | |
| Nombre geográfico | Cuba |
| Subdivisión general | Historia |
| Subdivisión cronológica | 1959-2016 |
| 9 (RLIN) | 87196 |
| 830 #0 - PUNTO DE ACCESO ADICIONAL DE SERIE-TÍTULO UNIFORME | |
| Título uniforme | Tribuna de Plaza & Janés, historia |
| Designación de volumen o secuencia | 30 |
| 9 (RLIN) | 46611 |
| 942 ## - ELEMENTOS DE PUNTO DE ACCESO ADICIONAL (KOHA) | |
| Fuente del sistema de clasificación o colocación | Dewey Decimal Classification |
| Tipo de ítem Koha | Libro |
| Estado de retiro | Estado de pérdida | Restricciones de uso | No para préstamo | Código de colección | Localización permanente | Ubicación/localización actual | Ubicación en estantería | Fecha de adquisición | Número de inventario | Total de préstamos | Signatura topográfica completa | Código de barras | Fecha visto por última vez | Precio válido a partir de | Tipo de ítem Koha |
|---|---|---|---|---|---|---|---|---|---|---|---|---|---|---|---|
| Excluido de préstamo | Monografías: Libros y Folletos | General | General | En catalogación | 14.10.2010 | LF1 | 972.91 M764f, 1985 | 22649-10 | 25.06.2020 | 25.06.2020 | No se presta |
